Současná společnost a perspektivy konzervatismu

Hlavní autor: Scruton, Roger, 1944-2020
Jazyk: Čeština
Vydáno: Praha : Občanský institut, 1993
Témata:
Fyzický popis: 10 s
Knihy
Uloženo v:
LEADER 00818nam a2200277 a 4500
001 000011158
003 CZ BrMZK
005 20161108090921.0
007 ta
008 931018s1993 xr f cze d
015 |a cnb000087623 
020 |q (Brož.) 
035 |a (OCoLC)39568811 
040 |a BOA001  |b cze 
080 |a 329.1/.6 
080 |a 329.11 
100 1 |a Scruton, Roger,  |d 1944-2020  |7 skuk0001256  |4 aut 
245 1 0 |a Současná společnost a perspektivy konzervatismu 
260 |a Praha :  |b Občanský institut,  |c 1993 
300 |a 10 s 
650 0 7 |a konzervatismus  |7 ph121828  |2 czenas 
655 7 |a brožury  |7 fd131925  |2 czenas 
910 |a BOA001  |b X-0993.467 
990 |a BK 
991 |b 201610 
996 6 |b 2610062938  |c X-0993.467  |l MZK  |r Sklad / do 24 hodin  |n 13  |p xerokopie  |w 000011158  |u 000020  |a 1  |e BOA001  |j MZK50  |s P